| 000 | 00811nam a22002417a 4500 | ||
|---|---|---|---|
| 999 |
_c954 _d954 |
||
| 001 | 954 | ||
| 003 | BD-JhCC | ||
| 005 | 20171022091715.0 | ||
| 008 | 171011s2011 bg a|||| ||a| 00| 0 ben d | ||
| 020 | _a9847015201258 | ||
| 035 | _a(BD-JhCC)954 | ||
| 040 |
_aBD-JhCC _dBD-JhCC |
||
| 041 | _aben | ||
| 082 |
_a630 _bLAN 2001 _223 |
||
| 100 | _aলানদাউ, ল. | ||
| 245 |
_aভৌতবস্তু : _bসকেলর জন্য পদার্থবিদ্যা ১ / _c ল. লানদাউ; আ. কিতাইগারোদাস্কি |
||
| 260 |
_aঢাকা : _bঅনুপম প্রকাশনী, _c2011 |
||
| 300 |
_a166 p. : _bills; _c21 cm. |
||
| 650 | _aMatters | ||
| 700 | _aকিতাইগারোদাস্কি, আ. | ||
| 942 |
_2ddc _cBK |
||